| 000 | 00982cab a22001935a 4500 | ||
|---|---|---|---|
| 001 | L150872 | ||
| 008 | 100908e20100828xxk 000 0 eng d | ||
| 035 | _a(Sirsi) u150872 | ||
| 041 | 0 | _aeng | |
| 100 | 1 | _aPartridge, Charles | |
| 245 | 0 | 3 | _aAn uphill struggle |
| 260 | _c2010 | ||
| 490 |
_aEstates Gazette _v(1034) 28 August 2010, 74-76(3) |
||
| 520 | _aDescribes the improvements the Valuation Office Agency (VOA) has made to the accuracy of its rating lists but says much progress still needs to be made to give a better service to all of its customers. Criticises the inability of the rating system to react quickly enough to changes in economic circumstances and to the speed at which the property market is evolving. Recommends fundamental change to the rating system and calls on professionals to help although significant reform would require primary legislation. | ||
| 590 | _aKA | ||
| 651 | 4 |
_aUnited Kingdom _y |
|
| 690 | _aPROPERTY-PROPERTY TAXATION | ||
| 942 | _n0 | ||
| 999 |
_c82660 _d82660 |
||